[Event "GRE-chT2 48th"]
[Site "Thessaloniki"]
[Date "2021.10.09"]
[Round "6.6"]
[White "Papadopoulos, Zisis"]
[Black "Romanos, Theodoros"]
[Result "0-1"]
[WhiteElo "1916"]
[BlackElo "2069"]
[PlyCount "50"]
[EventDate "2021.10.05"]
[EventType "team-swiss"]
[EventRounds "7"]
[EventCountry "GRE"]
[SourceTitle "CBM 204 Extra"]
[Source "ChessBase"]
[SourceDate "2021.11.30"]
[SourceVersion "1"]
[SourceVersionDate "2021.11.30"]
[SourceQuality "1"]
[WhiteTeam "Florinas"]
[BlackTeam "Polygyrou ASO"]
[WhiteTeamCountry "GRE"]
[BlackTeamCountry "GRE"]

1. d4 d5 2. c4 e6 3. Nc3 Nf6 4. Bg5 Nbd7 5. e3 Be7 6. Nf3 0-0 7. Rc1 c5 8. cxd5 Nxd5 9. Bxe7 Nxe7 10. Bd3 cxd4 11. Nxd4 Nf6 12. 0-0 e5 13. Nde2 Be6 14. Ng3 Qb6 15. Nh5 Nfd5 16. Na4 Qb4 17. Rc4 Qd6 18. Bxh7+ Kxh7 19. Rh4 f5 20. e4 Kg8 21. exd5 Qxd5 22. Qe2 Rad8 23. Ng3 Ng6 24. Rb4 Nf4 25. Qb5 Qxg2# 0-1

[Event "GRE-chT Online Rapid op 1st"]
[Site "Tornelo INT"]
[Date "2021.02.20"]
[Round "3.3"]
[White "Makridis, Dimitrios"]
[Black "Papadopoulos, Zisis"]
[Result "1-0"]
[WhiteElo "2226"]
[BlackElo "1888"]
[PlyCount "37"]
[EventDate "2021.02.20"]
[EventType "team-swiss (rapid)"]
[EventRounds "9"]
[EventCountry "GRE"]
[SourceTitle "EXT 2023"]
[Source "ChessBase"]
[SourceDate "2022.10.05"]
[SourceVersion "1"]
[SourceVersionDate "2022.10.05"]
[SourceQuality "1"]

1. e4 e6 2. Qe2 d5 3. exd5 Qxd5 4. Nc3 Qd8 5. Nf3 Nf6 6. g3 Be7 7. Bg2 0-0 8. 0-0 c5 9. d4 Nc6 10. dxc5 Bxc5 11. Rd1 Qe7 12. Bg5 h6 13. Bh4 g5 14. Nxg5 hxg5 15. Bxg5 Nd4 16. Qe5 Ng4 17. Bxe7 Nxe5 18. Bxc5 Nxc2 19. Rac1 1-0

[Event "GRE-chT 46th"]
[Site "Rio Achaia"]
[Date "2018.07.13"]
[Round "5.14"]
[White "Malataras, Gerasimos"]
[Black "Papadopoulos, Zisis"]
[Result "1/2-1/2"]
[WhiteElo "1823"]
[BlackElo "1834"]
[PlyCount "159"]
[EventDate "2018.07.10"]
[EventType "team"]
[EventRounds "7"]
[EventCountry "GRE"]
[SourceTitle "CBM 185 Extra"]
[Source "ChessBase"]
[SourceDate "2018.07.29"]
[SourceVersion "1"]
[SourceVersionDate "2018.07.29"]
[SourceQuality "1"]
[WhiteTeam "Patras Shipping Company"]
[BlackTeam "Florence FL"]
[WhiteTeamCountry "GRE"]
[BlackTeamCountry "GRE"]

1. d4 d5 2. c4 e6 3. Nc3 Nf6 4. cxd5 exd5 5. Bg5 c6 6. e3 Be6 7. Bd3 Nbd7 8. Nge2 h6 9. Bh4 g5 10. Bg3 Nh5 11. Qc2 Nxg3 12. Nxg3 Nf6 13. 0-0 Bd6 14. Bf5 Qd7 15. Bxe6 fxe6 16. e4 Qh7 17. Qe2 Bxg3 18. fxg3 Nxe4 19. Nxe4 dxe4 20. Rae1 0-0-0 21. Qxe4 Qxe4 22. Rxe4 Rd6 23. Rf6 Kd7 24. Rf7+ Kc8 25. Rf6 Kd7 26. Rf7+ Kc8 27. Re7 Rhd8 28. Kf2 Rf8+ 29. Ke2 Rf6 30. b4 Kb8 31. a3 Kc8 32. h3 Kb8 33. h4 a6 34. Rg4 Rd5 35. hxg5 hxg5 36. Rg7 Rff5 37. Rg6 a5 38. Rxe6 axb4 39. axb4 Rb5 40. d5 Rbxd5 41. Rge4 Rb5 42. Re7 Ka7 43. Rg7 Ka6 44. Rge7 c5 45. bxc5 Rbxc5 46. g4 Rfd5 47. R4e6+ b6 48. Rf6 Rd4 49. Re3 Rxg4 50. Ra3+ Kb7 51. Rf7+ Rc7 52. Rxc7+ Kxc7 53. Rc3+ Kd6 54. Kf3 Rb4 55. g4 Kd5 56. Rc8 Rb3+ 57. Kf2 Rb4 58. Kf3 Ke5 59. Re8+ Kf6 60. Rf8+ Kg7 61. Rf5 Kg6 62. Ke3 Rb3+ 63. Ke2 b5 64. Rc5 Rb1 65. Rc6+ Kf7 66. Rb6 b4 67. Kd2 b3 68. Kc3 Rg1 69. Kb2 Rxg4 70. Kxb3 Rd4 71. Kc3 Rd8 72. Ra6 g4 73. Ra4 Rg8 74. Kd3 Kf6 75. Ke2 Kg5 76. Kf2 Kh4 77. Kg2 Rb8 78. Ra3 Rb2+ 79. Kg1 g3 80. Ra8 1/2-1/2

[Event "GRE-chT 46th"]
[Site "Rio Achaia"]
[Date "2018.07.11"]
[Round "2.10"]
[White "Papadopoulos, Zisis"]
[Black "Tsekmes, Dimitrios"]
[Result "1/2-1/2"]
[WhiteElo "1834"]
[BlackElo "2170"]
[PlyCount "64"]
[EventDate "2018.07.10"]
[EventType "team"]
[EventRounds "7"]
[EventCountry "GRE"]
[SourceTitle "CBM 185 Extra"]
[Source "ChessBase"]
[SourceDate "2018.07.29"]
[SourceVersion "1"]
[SourceVersionDate "2018.07.29"]
[SourceQuality "1"]
[WhiteTeam "Florence FL"]
[BlackTeam "Nepolis"]
[WhiteTeamCountry "GRE"]
[BlackTeamCountry "GRE"]

1. d4 Nf6 2. c4 e6 3. Nf3 b6 4. g3 Ba6 5. Qc2 c5 6. b3 cxd4 7. Nxd4 Bb7 8. Nf3 Nc6 9. Bg2 Nd4 10. Qb2 Nxf3+ 11. exf3 d5 12. f4 Bc5 13. 0-0 0-0 14. b4 Be7 15. Be3 Qc7 16. Nd2 dxc4 17. Bxb7 Qxb7 18. Nxc4 Rac8 19. Ne5 Nd5 20. Bd2 b5 21. Rac1 h5 22. h4 Bf6 23. a3 Nb6 24. Bc3 Rfd8 25. Qe2 Nd5 26. Ba1 g6 27. Rc5 a6 28. Rfc1 Be7 29. R5c2 Bf6 30. Rc5 Be7 31. R5c2 Bf6 32. Rc5 Be7 1/2-1/2

[Event "GRE-chT 44th"]
[Site "Achaia"]
[Date "2016.07.09"]
[Round "6.12"]
[White "Papakonstantinou, Dimitrios1"]
[Black "Papadopoulos, Zisis"]
[Result "1-0"]
[WhiteElo "2097"]
[BlackElo "1818"]
[PlyCount "53"]
[EventDate "2016.07.05"]
[EventType "team-swiss"]
[EventRounds "7"]
[EventCountry "GRE"]
[SourceTitle "CBM 173 Extra"]
[Source "ChessBase"]
[SourceDate "2016.08.29"]
[SourceVersion "1"]
[SourceVersionDate "2016.08.29"]
[SourceQuality "1"]
[WhiteTeam "Naples Sykeon"]
[BlackTeam "Florinas OP"]
[WhiteTeamCountry "GRE"]
[BlackTeamCountry "GRE"]

1. Nf3 Nf6 2. d4 g6 3. g3 Bg7 4. Bg2 0-0 5. 0-0 d6 6. a4 a5 7. b3 Na6 8. Bb2 c6 9. Nbd2 Qc7 10. h3 Bd7 11. e4 c5 12. Re1 Rac8 13. Nc4 cxd4 14. Bxd4 Nc5 15. e5 Ne8 16. exd6 exd6 17. Bxg7 Kxg7 18. Nd4 d5 19. Bxd5 Bxh3 20. Qf3 Nd6 21. g4 Nxc4 22. bxc4 Nxa4 23. Qxh3 Nb6 24. Qf3 Nxc4 25. g5 Qc5 26. Qf6+ Kg8 27. Ne6 1-0

[Event "GRE-chT 43rd"]
[Site "Porto Rio"]
[Date "2015.10.10"]
[Round "5.7"]
[White "Papadopoulos, Zisis"]
[Black "Alexakis, Georgios"]
[Result "1/2-1/2"]
[WhiteElo "1863"]
[BlackElo "1965"]
[PlyCount "89"]
[EventDate "2015.10.08"]
[EventType "team-swiss"]
[EventRounds "7"]
[EventCountry "GRE"]
[SourceTitle "CBM 168 Extra"]
[Source "ChessBase"]
[SourceDate "2015.10.29"]
[SourceVersion "1"]
[SourceVersionDate "2015.10.29"]
[SourceQuality "1"]
[WhiteTeam "Florinas OP"]
[BlackTeam "Piraikos"]
[WhiteTeamCountry "GRE"]
[BlackTeamCountry "GRE"]

1. d4 f5 2. g3 Nf6 3. Bg2 g6 4. Nf3 Bg7 5. b3 0-0 6. Bb2 d6 7. 0-0 Qe8 8. c4 e5 9. dxe5 Ng4 10. Nc3 Nxe5 11. e3 Nxf3+ 12. Bxf3 Nc6 13. Qd2 Ne5 14. Bg2 Bd7 15. h3 Bc6 16. Nd5 Qd8 17. f4 Nd7 18. Bxg7 Kxg7 19. Qd4+ Nf6 20. Rfe1 Kg8 21. Nxf6+ Qxf6 22. Bxc6 bxc6 23. Qxf6 Rxf6 24. e4 Re8 25. exf5 Rxe1+ 26. Rxe1 Rxf5 27. Re7 Rf7 28. Re8+ Rf8 29. Re7 Rf7 30. Re8+ Rf8 31. Re2 Kf7 32. Kf2 Rd8 33. Kf3 a5 34. g4 Rb8 35. Re3 Rb4 36. Rd3 a4 37. Rc3 axb3 38. axb3 Rb8 39. h4 Ra8 40. Re3 Ra1 41. Kg2 Ra2+ 42. Kf3 Ra1 43. Kg2 Ra2+ 44. Kg3 Ra1 45. Kg2 1/2-1/2

[Event "GRE-ch U16"]
[Site "Rio Achaia"]
[Date "2015.07.02"]
[Round "9.7"]
[White "Apostolakakis, Konstantinos"]
[Black "Papadopoulos, Zisis"]
[Result "0-1"]
[WhiteElo "1996"]
[BlackElo "1777"]
[PlyCount "82"]
[EventDate "2015.06.26"]
[EventType "swiss"]
[EventRounds "9"]
[EventCountry "GRE"]
[SourceTitle "EXT 2024"]
[Source "ChessBase"]
[SourceDate "2023.10.10"]
[SourceVersion "1"]
[SourceVersionDate "2023.10.10"]
[SourceQuality "1"]

1. e4 c5 2. Nf3 d6 3. d4 cxd4 4. Nxd4 Nf6 5. Nc3 a6 6. Be3 e5 7. Nf3 h6 8. Bc4 Be6 9. Bxe6 fxe6 10. Nh4 Kf7 11. 0-0 g5 12. Nf3 Nc6 13. Qe2 Rg8 14. Rad1 Rc8 15. Na4 b5 16. Nc3 Qc7 17. a3 Na5 18. Bc1 Nc4 19. b3 Nb6 20. Bb2 Be7 21. h3 Qc6 22. Rd2 Nbd7 23. Re1 g4 24. hxg4 Rxg4 25. Nh2 Rg5 26. g3 Rcg8 27. Rd3 h5 28. Kh1 Ng4 29. Nxg4 Rxg4 30. Kg2 Nf6 31. Rh1 h4 32. Rf3 Ke8 33. Re3 Kd7 34. Kf1 hxg3 35. fxg3 Rxg3 36. Rxg3 Rxg3 37. Rh8 Ng4 38. Nd1 Qc5 39. Rh1 Ne3+ 40. Nxe3 Qxe3 41. b4 Qf4+ 0-1

[Event "GRE-ch U16"]
[Site "Rio Achaia"]
[Date "2015.06.27"]
[Round "2.13"]
[White "Papadopoulos, Zisis"]
[Black "Vitsaxakis, Nikolaos"]
[Result "1-0"]
[WhiteElo "1777"]
[BlackElo "1579"]
[PlyCount "94"]
[EventDate "2015.06.26"]
[EventType "swiss"]
[EventRounds "9"]
[EventCountry "GRE"]
[SourceTitle "EXT 2024"]
[Source "ChessBase"]
[SourceDate "2023.10.10"]
[SourceVersion "1"]
[SourceVersionDate "2023.10.10"]
[SourceQuality "1"]

1. d4 g6 2. c4 Nf6 3. Nc3 d5 4. cxd5 Nxd5 5. e4 Nxc3 6. bxc3 Bg7 7. Nf3 c5 8. Bb5+ Bd7 9. Be2 Nc6 10. Be3 0-0 11. 0-0 Bg4 12. e5 Qa5 13. Qb3 Rac8 14. h3 Bf5 15. Qxb7 Qxc3 16. Rac1 Qb4 17. Ba6 Qxb7 18. Bxb7 Rc7 19. Bxc6 Rxc6 20. d5 Ra6 21. Bxc5 Rd8 22. Rfd1 Bf8 23. Rd2 Bh6 24. Be3 Bxe3 25. fxe3 Ra3 26. Rc7 Kf8 27. Kf2 Ra5 28. d6 exd6 29. exd6 Be6 30. e4 Rxa2 31. Rxa2 Bxa2 32. Rxa7 Bc4 33. e5 h6 34. Nd2 Bd5 35. Ra5 Bc6 36. Rc5 Bb7 37. Nc4 Be4 38. g3 Bf5 39. g4 Be6 40. Ke3 f6 41. Kd4 Re8 42. Nb6 fxe5+ 43. Rxe5 Kf7 44. Kc5 Kf6 45. Re1 Kg5 46. Rxe6 Rxe6 47. d7 Kf6 1-0

[Event "GRE-ch U16"]
[Site "Greece"]
[Date "2014.07.10"]
[Round "9"]
[White "Papadopoulos, Zisis"]
[Black "Prokopiou, Ioannis"]
[Result "1/2-1/2"]
[WhiteElo "1587"]
[BlackElo "1597"]
[PlyCount "101"]
[EventDate "2014.07.04"]
[EventType "swiss"]
[EventRounds "9"]
[EventCountry "GRE"]
[SourceTitle "EXT 2017"]
[Source "ChessBase"]
[SourceDate "2016.10.25"]
[SourceVersion "1"]
[SourceVersionDate "2016.10.25"]
[SourceQuality "1"]

1. Nf3 Nf6 2. d4 e6 3. c4 Bb4+ 4. Bd2 Qe7 5. g3 Bxd2+ 6. Nbxd2 d6 7. e4 e5 8. d5 Nbd7 9. Qc2 a5 10. Bg2 Nc5 11. 0-0 0-0 12. Ne1 Bg4 13. f3 Bd7 14. Nd3 Nxd3 15. Qxd3 Ne8 16. f4 f5 17. Rae1 fxe4 18. Bxe4 g6 19. Nf3 Bg4 20. Qc3 Nf6 21. fxe5 Nxe4 22. Rxe4 Rxf3 23. Rxf3 Bxf3 24. Qxf3 dxe5 25. Qe3 Re8 26. c5 Qf6 27. a3 b6 28. cxb6 Rf8 29. Qe2 Qxb6+ 30. Kg2 Rb8 31. b4 axb4 32. Rxb4 Qa7 33. Rxb8+ Qxb8 34. Qxe5 Qb3 35. Qe8+ Kg7 36. Qe7+ Kg8 37. Qd8+ Kf7 38. Qxc7+ Kg8 39. Qc8+ Kf7 40. Qe6+ Kg7 41. Qd7+ Kh6 42. d6 Qd5+ 43. Kf2 Qd2+ 44. Kf3 Qd3+ 45. Kg4 Qe4+ 46. Kh3 Qe2 47. Qg4 Qf1+ 48. Kh4 Qf6+ 49. Kh3 Qf1+ 50. Kh4 Qf6+ 51. Kh3 1/2-1/2

[Event "GRE-ch U16"]
[Site "Greece"]
[Date "2014.07.05"]
[Round "2"]
[White "Tsekmes, Dimitrios"]
[Black "Papadopoulos, Zisis"]
[Result "1-0"]
[WhiteElo "1915"]
[BlackElo "1587"]
[PlyCount "135"]
[EventDate "2014.07.04"]
[EventType "swiss"]
[EventRounds "9"]
[EventCountry "GRE"]
[SourceTitle "EXT 2017"]
[Source "ChessBase"]
[SourceDate "2016.10.25"]
[SourceVersion "1"]
[SourceVersionDate "2016.10.25"]
[SourceQuality "1"]

1. e4 c5 2. Nf3 d6 3. d4 cxd4 4. Nxd4 Nf6 5. Nc3 a6 6. h3 e6 7. g4 h6 8. Bg2 Be7 9. Be3 Nc6 10. 0-0 Qc7 11. f4 Bd7 12. Qe2 Rc8 13. g5 hxg5 14. fxg5 Nh5 15. Nxc6 Bxc6 16. Qf2 f6 17. Rae1 0-0 18. Qh4 Be8 19. Qg4 Qd7 20. g6 Bxg6 21. Qxg6 Qe8 22. Qxe8 Rfxe8 23. Bf3 g6 24. Bxh5 gxh5 25. Re2 Kf7 26. Kf2 b5 27. a3 Rc6 28. Ke1 Rec8 29. Ref2 Kg7 30. Rg2+ Kf7 31. Bg5 Rg8 32. Rff2 Rc5 33. Be3 Rcc8 34. Kf1 Rh8 35. Rf3 Rce8 36. Rgf2 Rhg8 37. Bd4 Rg6 38. Rg2 Rh6 39. Ke1 Bd8 40. Kd1 Ba5 41. Nb1 Rd8 42. Be3 Rg6 43. Rxg6 Kxg6 44. Ke2 d5 45. Rg3+ Kh7 46. exd5 Rxd5 47. b3 Bc7 48. Rg1 Re5 49. Rd1 Kg6 50. Rd3 Bb6 51. Kd2 Bxe3+ 52. Rxe3 Rd5+ 53. Ke2 e5 54. c4 bxc4 55. bxc4 Rc5 56. Nd2 f5 57. Rc3 Kf6 58. Nb3 Rc7 59. c5 f4 60. Rd3 Rg7 61. Rc3 e4 62. c6 Rc7 63. Rc5 Kg6 64. Nd2 e3 65. Nc4 Re7 66. c7 f3+ 67. Kxf3 e2 68. Ne5+ 1-0

[Event "GRE-chT 42nd"]
[Site "Porto Rio"]
[Date "2014.06.29"]
[Round "3.9"]
[White "Papadopoulos, Zisis"]
[Black "Alexakis, Georgios"]
[Result "1/2-1/2"]
[WhiteElo "1587"]
[BlackElo "1782"]
[PlyCount "104"]
[EventDate "2014.06.28"]
[EventType "team-swiss"]
[EventRounds "7"]
[EventCountry "GRE"]
[SourceTitle "CBM 161 Extra"]
[Source "ChessBase"]
[SourceDate "2014.08.29"]
[SourceVersion "1"]
[SourceVersionDate "2014.08.29"]
[SourceQuality "1"]
[WhiteTeam "Florinas OP"]
[BlackTeam "Peiraikos PG"]
[WhiteTeamCountry "GRE"]
[BlackTeamCountry "GRE"]

1. d4 Nf6 2. c4 e6 3. Nf3 Bb4+ 4. Bd2 a5 5. g3 b6 6. Bg2 Bb7 7. 0-0 Bxd2 8. Qxd2 0-0 9. Nc3 d6 10. Ne1 Bxg2 11. Kxg2 Nbd7 12. f3 e5 13. d5 Ne8 14. e4 Nc5 15. Nd3 f5 16. b3 Nxd3 17. Qxd3 f4 18. Ne2 Qg5 19. Rh1 Nf6 20. h4 Qg6 21. Rh3 Nd7 22. Nc3 Nc5 23. Qd2 Rf7 24. Rf1 Raf8 25. g4 Re7 26. Kh2 Kh8 27. Rg1 Kg8 28. Rg2 Kh8 29. Kh1 Kg8 30. Qd1 Ra8 31. Rd2 Qe8 32. Rhh2 Qc8 33. Kg2 Qe8 34. Kh1 Qc8 35. Rdg2 Qe8 36. Kg1 Qc8 37. Qb1 Re8 38. Rb2 Qb7 39. Rhd2 Rf8 40. Kh2 Kh8 41. Rd1 Qc8 42. Ne2 Qd8 43. Kh3 Rf6 44. Kg2 Rf8 45. Rh1 Kg8 46. Nc1 Qc8 47. a3 Nd7 48. Nd3 Ra6 49. Qc2 Qa8 50. b4 axb4 51. axb4 Qa7 52. Rhb1 Rb8 1/2-1/2

[Event "GRE-ch U14"]
[Site "Patras"]
[Date "2013.07.09"]
[Round "3.1"]
[White "Kadianis, Georgios"]
[Black "Papadopoulos, Zisis"]
[Result "1/2-1/2"]
[WhiteElo "1691"]
[BlackElo "1466"]
[PlyCount "68"]
[EventDate "2013.07.08"]
[EventType "swiss"]
[EventRounds "9"]
[EventCountry "GRE"]
[SourceTitle "EXT 2024"]
[Source "ChessBase"]
[SourceDate "2023.10.10"]
[SourceVersion "1"]
[SourceVersionDate "2023.10.10"]
[SourceQuality "1"]

1. e4 c5 2. Nf3 d6 3. d4 cxd4 4. Nxd4 Nf6 5. Nc3 a6 6. a4 e5 7. Nb3 Be6 8. Be2 Be7 9. Be3 Nbd7 10. 0-0 Rc8 11. f3 Nb6 12. Qd2 d5 13. Bf2 d4 14. Nd1 Qc7 15. Bd3 Nc4 16. Qe2 Nd7 17. f4 f6 18. fxe5 fxe5 19. Bg3 Nf6 20. h3 0-0 21. Nd2 Nxd2 22. Qxd2 Nh5 23. Rxf8+ Rxf8 24. Bh2 h6 25. Qe2 Nf4 26. Bxf4 Rxf4 27. Nf2 Qc8 28. Rf1 Bg5 29. g3 Rf8 30. Ng4 Rxf1+ 31. Kxf1 Bxg4 32. hxg4 Qf8+ 33. Kg2 Qb4 34. b3 Qd2 1/2-1/2